ბათუმის შოთა რუსთაველის სახელმწიფო უნივერსიტეტის ბიბლიოთეკა

ჩანაწერი Corporate Name

ჩანაწერთა რაოდენობა, რომელიც გამოყენებულია: 2

001 - CONTROL NUMBER

  • control field: 15536

003 - CONTROL NUMBER IDENTIFIER

  • control field: GE_BSU

005 - DATE AND TIME OF LATEST TRANSACTION

  • control field: 20221025152339.0

008 - FIXED-LENGTH DATA ELEMENTS

  • fixed length control field: 221025|| aca||aabn | a|a d

040 ## - CATALOGING SOURCE

  • Original cataloging agency: GE_BSU
  • Transcribing agency: GE_BSU

110 ## - HEADING--CORPORATE NAME

  • Corporate name or jurisdiction name as entry element: ექვთიმე თაყაიშვილის სახ. საქ. საისტ. საზ-ბა.
  • Subordinate unit: აფხაზეთის ორგანიზაცია

670 ## - SOURCE DATA FOUND

  • Source citation: Work cat.: (GE_BSU)34890: პაპასკირი, თეიმურაზ 10205, ევროპისა და ამერიკის ქვეყნების უახლესი ისტორია 1914-1945 წწ. :